00355 a2200121 4500020001500000082002000015100002100035245007500056250001200131260004700143300002500190650001800215 a0195793749 a355.0095491 CLO aCloughley, Brian aA History of the Pakistan Army Wars and InsurrectionscBrian Cloughley a2nd ed. aNew York :bOxford University Press,c2002 axiii, 435p. :c23 cm aPakistan Army